00638nam a2200181 i 450000100060000000300090000600500170001500700030003200800410003510000270007624500810010326000460018430000220023060000460025285200210029899900170031995201200033640583ES-MaACL20230906160249.0t|030306s1935 fr ||||1| fre d1 aCapelin, Edgar.93481613aLa vie errante de George Borrow b: romancier des nomades / cEdgar Capelin. aParis : bLes Presses de France, c[1935] a200 p. ; c19 cm.14aBorrow, George Henry (d1803-1881)930609 aES-MaACLjA-4543 c40583d40583 00104070aATENEOMbATENEOMcSPP1d2008-01-17eSCl0oA-4543p1042726r2023-02-23 00:00:00w2023-02-23yMONOGRAFIA